All Scottish Premiership Teams Ever - Statistics

General Stats
  • This quiz has been taken 109 times
    54 since last reset
  • The average score is 13 of 16
Answer Stats
Answer % Correct
Celtic
100%
Rangers
100%
Aberdeen
98%
Heart of Midlothian
96%
Dundee
94%
Hibernian
90%
Dundee United
80%
Kilmarnock
80%
Motherwell
80%
Falkirk
76%
Inverness Caledonian Thistle
71%
St Johnstone
71%
St Mirren
65%
Livingston
63%
Ross County
59%
Hamilton Academical
47%
No matching quizzes found
Score Distribution
Percent of People with Each Score
Percentile by Number Answered
Your Score History
You have not taken this quiz since the last reset